| 000 | 00400nam a22001697a 4500 | ||
|---|---|---|---|
| 003 | NUST - PNEC | ||
| 005 | 20170116181129.0 | ||
| 008 | 151006b xxu||||| |||| 00| 0 eng d | ||
| 040 | _cLIBRARY | ||
| 082 | _a529 GOU | ||
| 100 |
_913863 _aGoudsmit, Samuel A. |
||
| 245 |
_aTime _cSamuel A. Goudsmit |
||
| 250 | _a2nd ed. | ||
| 260 | _cc1980 | ||
| 650 |
_913866 _aTime _xGeneral |
||
| 942 |
_2ddc _cBK |
||
| 999 |
_c69877 _d69877 |
||